00925nam a22001817a 45000010005000000030006000050050017000110080041000280400029000690820008000981000023001062450075001292600048002043000059002525200377003116500025006887000030007136660FISKH20250520153112.0250519b cb ||||| |||| 00| 0 eng d aFISKHbengcFISKHdFISKH a900 aTakeshi, Nakagawa  aTemple for gods Bayon : bBayon information center /cNakagawa Takeshi aTokyo :bJapanese Government Team , c2009. a65 pages : bcolor illustrations, maps ; c20*20 cm .  a"Temple for Gods Bayon" is a captivating story that explores the rich history and cultural significance of the Bayon Temple, one of Cambodia's most iconic and revered monuments. The book delves into the architectural grandeur, intricate carvings, and spiritual symbolism of the Bayon, which is famous for its multitude of serene faces that symbolize compassion and wisdom. aTemplesvNon-fiction aIchita, ShimodaeDirector